[Event "Belgrade-chT Quality"]
[Site "Belgrade"]
[Date "2021.11.07"]
[Round "8.8"]
[White "Turopoljac, Sanja"]
[Black "Jankovic, Vladimir Z"]
[Result "0-1"]
[WhiteElo "1371"]
[BlackElo "1743"]
[PlyCount "81"]
[EventDate "2021.10.16"]
[EventType "team-tourn"]
[EventRounds "11"]
[EventCountry "SRB"]
[SourceTitle "EXT 2023"]
[Source "ChessBase"]
[SourceDate "2022.10.05"]
[SourceVersion "1"]
[SourceVersionDate "2022.10.05"]
[SourceQuality "1"]
[WhiteTeam "Belgrade Obrenovac"]
[BlackTeam "Belgrade Zemun"]
[WhiteTeamCountry "SRB"]
[BlackTeamCountry "SRB"]

1. Nf3 Nf6 2. d4 d5 3. c4 c6 4. cxd5 cxd5 5. Bg5 e6 6. Nbd2 Be7 7. e3 Nc6 8. a3 Bd7 9. Be2 Nh5 10. Bxe7 Qxe7 11. Ne5 Nf6 12. Ndf3 Nxe5 13. Nxe5 0-0 14. Nxd7 Qxd7 15. 0-0 Rac8 16. Qd3 a6 17. Rac1 Rc7 18. Rxc7 Qxc7 19. f3 Qc6 20. Rd1 Rc8 21. Rd2 Qc1+ 22. Bd1 g6 23. Kf2 Qc6 24. Rc2 Qd7 25. Rxc8+ Qxc8 26. g4 Qc1 27. Qc2 Qxc2+ 28. Bxc2 Kf8 29. h4 h6 30. Kg3 Nd7 31. f4 f5 32. gxf5 gxf5 33. Bd1 Nf6 34. Bf3 Ke7 35. b4 Kd6 36. a4 Kc6 37. Kg2 Kb6 38. Kg3 a5 39. b5 Kc7 40. h5 Nd7 41. Bd1 0-1